Power Plant Engineering (Record no. 594807)

000 -LEADER
fixed length control field 00309nam a22001217a 4500
020 ## - INTERNATIONAL STANDARD BOOK NUMBER
International Standard Book Number 978-1-4987-0712-1
082 ## - DEWEY DECIMAL CLASSIFICATION NUMBER
Classification number 621.3121
Author Mark ZAB
100 ## - MAIN ENTRY--PERSONAL NAME
Personal name Zabihian, Farshid
9 (RLIN) 112442
245 ## - TITLE STATEMENT
Title Power Plant Engineering
260 ## - PUBLICATION, DISTRIBUTION, ETC.
Place of publication, distribution, etc. Boca Raton :
Name of publisher, distributor, etc. CRC Press,
Date of publication, distribution, etc. 2021.
300 ## - PHYSICAL DESCRIPTION
Extent xxvii, 1221 p. :
942 ## - ADDED ENTRY ELEMENTS (KOHA)
Source of classification or shelving scheme
Koha item type Book
Holdings
Withdrawn status Lost status Source of classification or shelving scheme Damaged status Not for loan Permanent Location Current Location Shelving location Date acquired Total Checkouts Full call number Barcode Date last seen Price effective from Koha item type
          School of Mechanical & Manufacturing Engineering (SMME) School of Mechanical & Manufacturing Engineering (SMME) General Stacks 05/18/2023   621.3121 ZAB SMME- 4382 05/18/2023 05/18/2023 Book
© 2023 Central Library, National University of Sciences and Technology. All Rights Reserved.